00944nam a22002537a 4500999001700000003000500017005001700022008004100039010001300080020002600093040001900119082002200138100002400160245004900184250001300233260003700246300003300283538008800316650002800404856002800432942002100460952011300481952009600594 c23745d23745Nust20170525113757.0140103b xxu||||| |||| 00| 0 eng d a96-37160 a0131889230cAvailable aDLCbDLCcRCMS 28th, ed.a003 TAH aHAMDY A. TAHA91230 aOperation Research An Introduction hEnglish a8th, ed. aUSAbPrentice-Hall, Inc.cc2003. axx, 813 p. :bill, ;c26 cm. iShelf # 12, Row # 1, System Engineering. Shelf # 12, Row # 2, System Engineering.  aComputer Software91229 3Table of Contents Only. 2ddccBKk003 TAH 00102ddc4070aRCMSbRCMScGENd2014-01-03l1o003TAH pRCMS002567r2015-05-27s2015-05-27w2014-01-03yBK 00102ddc4070aNQCbNQCcGENd2014-05-12o003TAH pRCMS001027r2014-05-12w2014-05-12yBK